Visión jurisprudencial de la sepación personal y el divorcio vincular (Registro nro. 1675)

Detalles MARC
000 -LEADER
fixed length control field 01026 a2200205 4500
001 - CONTROL NUMBER
control field 28217
005 - DATE AND TIME OF LATEST TRANSACTION
control field 20260407155554.0
008 - FIXED-LENGTH DATA ELEMENTS--GENERAL INFORMATION
fixed length control field 260407a1998 arg spa d
003 - CONTROL NUMBER IDENTIFIER
control field AR-UNSa-BCEJYS
040 ## - CATALOGING SOURCE
Original cataloging agency AR-UNSa-BCEJYS
Language of cataloging spa
Transcribing agency AR-UNSa-BCEJYS
080 ## - UNIVERSAL DECIMAL CLASSIFICATION NUMBER
Universal Decimal Classification number 347.627.2
Common auxiliary subdivision Divorcio
020 ## - INTERNATIONAL STANDARD BOOK NUMBER
International Standard Book Number 950-727-137-6
100 1# - MAIN ENTRY--PERSONAL NAME
Personal name D´Antonio, Daniel Hugo
245 10 - TITLE STATEMENT
Title Visión jurisprudencial de la sepación personal y el divorcio vincular
264 #1 - PRODUCTION, PUBLICATION, DISTRIBUTION, MANUFACTURE, AND COPYRIGHT NOTICE
Place of production, publication, distribution, manufacture Buenos Aires :
Name of producer, publisher, distributor, manufacturer Rubinzal-Culzoni Editores
Date of production, publication, distribution, manufacture, or copyright notice 1998
300 ## - PHYSICAL DESCRIPTION
Extent 372 p.
Dimensions 22 cm.
505 ## - FORMATTED CONTENTS NOTE
Formatted contents note 1. Aspectos generales - 2. Causales subjetivas - 3.Causales objetivas - 4. Aspectos generales - 5. Contingencias derivadas de la vía procesal consensuada - 6. Acciones de separación personal y divorcio vincular - 7. Medidas previas y precautorias - 8. Prueba - 9. Sentencia de separación personal y divorcio vincular - 10. Efectos de la separación personal y el divorcio vincular - 11. Otras contingencias procesales
590 ## - LOCAL NOTE (RLIN)
Local note niveau_biblio:m niveau_hierar:0
942 ## - ADDED ENTRY ELEMENTS (KOHA)
Koha item type
Existencias
Withdrawn status Lost status Damaged status Not for loan Home library Current library Shelving location Date acquired Total checkouts Full call number Barcode Date last seen Price effective from Koha item type
        Biblioteca Prof. Eusebio Cleto del Rey Biblioteca Prof. Eusebio Cleto del Rey   07/04/2026   347.627.2 D167 L119962 07/04/2026 07/04/2026 Libro